El Bautismo: cada día en las fuentes de la vida nueva
Saved in:
| Hovedforfatter: | |
|---|---|
| Format: | Bog |
| Sprog: | spansk |
| Udgivet: |
Salamanca
Ediciones Sígueme
2016
|
| Udgivelse: | 1a. ed |
| Serier: | Nueva Alianza, 236
|
| Fag: | |
| Tags: |
Tilføj Tag
Ingen Tags, Vær først til at tagge denne postø!
|
MARC
| LEADER | 00000cam a2200000 a 4500 | ||
|---|---|---|---|
| 001 | UCD5638 | ||
| 003 | CL-VaPUC | ||
| 008 | 160930e20160000sp |||||||||||||||||spa|d | ||
| 020 | |a 9788430119363 | ||
| 082 | 0 | 4 | |a 234.161 |b CAM |2 21 |
| 100 | 0 | |a Campatelli, María |e author |9 589423 | |
| 245 | 1 | 3 | |a El Bautismo: cada día en las fuentes de la vida nueva |
| 250 | |a 1a. ed | ||
| 300 | |a 156 p | ||
| 942 | |c BK | ||
| 945 | |d 20160930 08:06:00 |a dcastane | ||
| 260 | |a Salamanca |b Ediciones Sígueme |c 2016 | ||
| 650 | 0 | |a Bautismo |9 314393 | |
| 650 | 0 | |a Sacramentos |9 257270 | |
| 583 | |a last modification |c 20160930 08:06:00 |k Rodrigo Vera | ||
| 490 | 0 | |a Nueva Alianza, 236 | |
| 999 | |c 366262 |d 366260 | ||
| 952 | |0 0 |1 0 |3 erb |4 0 |6 234_161000000000000_CAM_2016 |7 0 |8 A |9 480374 |a BIBTEO |b BIBTEO |i 5343194 |o 234.161 CAM 2016 |p 5343194 |r 2025-01-17 |w 2019-11-24 |y BK |z Catalogado en:20160930 |k ICR | ||
| 952 | |0 0 |1 0 |3 erb |4 0 |6 234_161000000000000_CAM_2016 |7 0 |8 A |9 480375 |a BIBTEO |b BIBTEO |i 5453364 |o 234.161 CAM 2016 |p 5453364 |r 2025-01-17 |w 2019-11-24 |y BK |z Catalogado en:20180309 |k ICR | ||